书目信息 |
| 题名: |
中国密码学发展报告
|
|
| 作者: | ;中国密码学会 组编 | |
| 分册: | 2018 | |
| 出版信息: | 北京 中国质检出版社 2019 |
|
| 页数: | 323页 | |
| 开本: | 24cm | |
| 丛书名: | ||
| 单 册: | ||
| 中图分类: | TN918.1 | |
| 科图分类: | ||
| 主题词: | 密码术--研究报告--中国--2018 | |
| 电子资源: | ||
| ISBN: | 978-7-5066-9166-6 | |
| 000 | 00898nam0 2200241 450 | |
| 001 | 012001001207 | |
| 005 | 20191108085914.78 | |
| 010 | @a978-7-5066-9166-6@dCNY80.00 | |
| 100 | @a20190508d2019 em y0chiy50 ea | |
| 101 | 0 | @achi@deng |
| 102 | @aCN@b110000 | |
| 105 | @aa az 000yy | |
| 106 | @ar | |
| 200 | 1 | @a中国密码学发展报告@Azhong guo mi ma xue fa zhan bao gao@h2018@f中国密码学会组编 |
| 210 | @a北京@c中国质检出版社@c中国标准出版社@d2019 | |
| 215 | @a323页@c图@d24cm | |
| 320 | @a有书目 | |
| 330 | @a本书共收录10篇文章,包括ISO密码国际标准发展趋势、ISO/IEC中的中国自主密码技术和规则贡献实践报告,以及国内学者对于数据安全标准、对称密码算法标准及其他密码技术的研究成果等。 | |
| 606 | 0 | @a密码术@x研究报告@y中国@z2018 |
| 690 | @aTN918.1@v5 | |
| 711 | 02 | @a中国密码学会@Azhong guo mi ma xue hui@4组编 |
| 801 | 0 | @aCN@b北京卓展文化@c20191020 |
| 905 | @b1197749-52@dTN918.1@e205(2018)@f4 | |
| 中国密码学发展报告.2018/中国密码学会组编.-北京:中国质检出版社:中国标准出版社,2019 |
| 323页:图;24cm |
| ISBN 978-7-5066-9166-6:CNY80.00 |
| 本书共收录10篇文章,包括ISO密码国际标准发展趋势、ISO/IEC中的中国自主密码技术和规则贡献实践报告,以及国内学者对于数据安全标准、对称密码算法标准及其他密码技术的研究成果等。 |
| ● |
| 相关链接 |
|
|
|
|
正题名:中国密码学发展报告
索取号:TN918.1/205(2018)
 
预约/预借
| 序号 | 登录号 | 条形码 | 馆藏地/架位号 | 状态 | 备注 |
| 1 | 1197749 | 211977495 | 第二样本阅览室/ [索取号:TN918.1/205(2018)] | 在馆 | |
| 2 | 1197750 | 211977501 | 第三借阅区/ [索取号:TN918.1/205(2018)] | 在馆 | |
| 3 | 1197751 | 211977510 | 第三借阅区/ [索取号:TN918.1/205(2018)] | 在馆 | |
| 4 | 1197752 | 211977529 | 第三借阅区/ [索取号:TN918.1/205(2018)] | 在馆 |